Norma Chilena Oficial NCh 388. Of55
Saved in:
| Corporate Authors: | , |
|---|---|
| 格式: | 圖書 |
| 語言: | 西班牙语 |
| 出版: |
Santiago
Instituto Nacional de Normalización
1955
|
| 版: | 1a. ed |
| 主題: | |
| 標簽: |
添加標簽
沒有標簽, 成為第一個標記此記錄!
|
MARC
| LEADER | 00000nam a2200000 a 4500 | ||
|---|---|---|---|
| 001 | UCK6061 | ||
| 003 | CL-VaPUC | ||
| 008 | 050902e19550000CL |||||||||||||||||spa|d | ||
| 082 | 0 | 4 | |a 628.925 |b INS |2 21 |
| 110 | 2 | |a Instituto Nacional de Normalización |e author |9 495164 | |
| 710 | 2 | |a INN |e author |9 495165 | |
| 245 | 1 | 0 | |a Norma Chilena Oficial NCh 388. Of55 |
| 246 | 1 | 0 | |a Prevención y extinción de incendios en almacenamientos de materias inflamables y explosivas |
| 250 | |a 1a. ed | ||
| 300 | |a 12 p | ||
| 942 | |c BK | ||
| 945 | |d 20050902 00:00:00 |a jcarroza | ||
| 260 | |a Santiago |b Instituto Nacional de Normalización |c 1955 | ||
| 650 | 0 | |a Incendios |9 359318 | |
| 650 | 0 | |a Materiales peligrosos |9 358775 | |
| 650 | 0 | |a Seguridad |9 354178 | |
| 650 | 7 | |a EXTINCION DE INCENDIOS |2 CL-VaPUC |9 432143 | |
| 650 | 7 | |a NORMAS |2 CL-VaPUC |9 259606 | |
| 583 | |a last modification |c 20050902 00:00:00 |k Rodrigo Vera | ||
| 999 | |c 314456 |d 314454 | ||